Geography : I - Statistics

General Stats
  • This quiz has been taken 16 times
    2 since last reset
  • The average score is 31 of 105
Answer Stats
Hint Answer % Correct
Country involved in the Cod Wars Iceland
100%
State in northwestern US famous for its potatoes Idaho
100%
State containing the city of Chicago Illinois
100%
Second most populated country in the world India
100%
State east of that state Indiana
100%
Largest city in that state Indianapolis
100%
Major world ocean Indian Ocean
100%
Fourth most populated nation in the world Indonesia
100%
Longest river in Pakistan Indus
100%
Ethnic group inhabiting the north of Canada and the US, as well as Greenland Inuit
100%
Midwestern state Iowa
100%
Large country formerly known as "Persia" Iran
100%
Neighboring country Iraq
100%
Country west of the UK Ireland
100%
Capital of Pakistan Islamabad
100%
Country lodged between Syria, Jordan, Egypt and Lebanon Israel
100%
Largest city in Turkey Istanbul
100%
The name of that country in its native language Italia
100%
The language Italian
100%
Country that is home to the Colosseum Italy
100%
Another name for Cote d'Ivoire Ivory Coast
100%
Fourth largest city in Nigeria Ibadan
50%
Prefecture east of Tokyo Ibaraki
50%
Island and city to the east of Spain Ibiza
50%
Southern Peruvian city Ica
50%
Second largest city in Boise's state Idaho Falls
50%
Port city in South Korea and location of South Korea's largest airport Incheon
50%
Suburb of Kansas City Independence
50%
City in western Madhya Pradesh Indore
50%
River forming the border between Germany and Austria Inn
50%
Province in the north of China Inner Mongolia
50%
Scottish city that is the "capital" of the highlands Inverness
50%
City west of Davenport Iowa City
50%
Capital of Nunavut Iqaluit
50%
City and oblast in Siberia, near lake Baikal Irkutsk
50%
Southeastern suburb of Los Angeles Irvine
50%
City between Dallas and Fort Worth Irving
50%
Major city south of Tehran Isfahan
50%
Island where the Manx cat comes from Isle of Man
50%
Small volcanic Japanese Island and site of a bloody Pacific battle Iwo Jima
50%
Second largest city in Turkey Izmir
50%
Largest city in eastern Romania Iasi
0%
City in southwestern Yemen Ibb
0%
Inland city in western Oman Ibri
0%
City in northwestern Syria Idlib
0%
Language and tribe in southeastern Nigeria Igbo
0%
Terminus of the Greek motorway system Igoumenitsa
0%
Beautiful waterfalls between Brazil and Argentina Iguazu
0%
City in northern Armenia Ijevan
0%
City and province in the western part of that country Ilam
0%
Congolese city to the east of Kinshasa Ilebo
0%
Region of France containing Paris Ile-de-France
0%
Triangle disputed between Ethiopia, South Sudan and Kenya Ilemi
0%
City on the northern coast of Mindanao Iligan
0%
Lake in western Russia Ilmen
0%
Largest city on Panay Island Iloilo
0%
Another large city to the north of the city above Ilorin
0%
Coastal city in Liguria Imperia
0%
Remote river city in the north of the Republic of the Congo Impfondo
0%
Largest city in Manipur Imphal
0%
Another name for this city Inchon
0%
City on the Cimanuk River Delta Indramayu
0%
City in central Bavaria Ingolstadt
0%
Historically Finnish region surrounding St Petersburg Ingria
0%
People living in that region Ingush
0%
Small region of Russia located in the Caucasus Ingushetia
0%
City in southeastern Mozambique Inhambane
0%
Austrian mountain city that hosted the Olympics Innsbruck
0%
Swiss town located between two lakes Interlaken
0%
Southernmost city in New Zealand Invercargill
0%
Small Victorian town near Venus Bay Inverloch
0%
Largest city in Epirus Ioannina
0%
Third largest city in Malaysia Ipoh
0%
Satellite city of Brisbane/City in England Ipswich
0%
Northern Chilean coastal city Iquique
0%
Most isolated Peruvian city Iquitos
0%
Southeastern city in that country Iranshahr
0%
City in central Mexico Irapuato
0%
Second largest city in Jordan Irbid
0%
Tanzanian city Iringa
0%
Long river in central Myanmar Irrawaddy
0%
Long river in Siberia Irtysh
0%
Large region in eastern Thailand Isaan
0%
City and bay in southern Honshu Ise
0%
Mountain city in Molise Isernia
0%
Island city in the far south of Japan Ishigaki
0%
Prefecture in western Honshu Ishikawa
0%
Russian city almost directly north of the Kazakh city of Petropavl Ishim
0%
Northeastern Congolese city Isiro
0%
Largest city in Hatay Iskenderun
0%
Largest island in the Galapagos Isla Isabela
0%
City near the middle of the Suez Canal Ismailia
0%
Large lake in Kyrgyzstan Issyk Kul
0%
Peninsula in western Croatia Istria
0%
Largest city in Arunachal Pradesh Itanagar
0%
Small lakeside city in New York State Ithaca
0%
Russian town on the border with Estonia, opposite Narva Ivangorod
0%
City in western Ukraine Ivano-Frankivsk
0%
Russian city and oblast northeast of Moscow Ivanovo
0%
Eastern coastal city in Japan Iwaki
0%
Prefecture in northern Honshu Iwate
0%
Largest city and capital of Udmurtia Izhevsk
0%
Ukrainian city on the border with Romania Izmail
0%
City on the easternmost end of the Sea of Marmara Izmit
0%
City west of Matsue Izumo
0%
No matching quizzes found
Score Distribution
Percent of People with Each Score
Percentile by Number Answered
Your Score History
You have not taken this quiz since the last reset